| 000 | 00514nam a22001817a 4500 | ||
|---|---|---|---|
| 005 | 20240430151816.0 | ||
| 008 | 240430b |||||||| |||| 00| 0 eng d | ||
| 020 | _a9788131231104 | ||
| 082 |
_a612 _bKRI-S |
||
| 100 | _aKrishnamurthy Bhaskar | ||
| 245 |
_aSmart Study Series Pharmacology / _cKrishnamurthy Bhaskar, Kamal KV |
||
| 250 | _a2nd ed. | ||
| 260 |
_aIndia : _bElsevier : _c2013. |
||
| 300 |
_axviii,458p. _bill ; _c27cm. |
||
| 500 | _aInclude index . | ||
| 650 | _aMedical / Pharmacology | ||
| 999 |
_c35643 _d35643 |
||